| 000 | 00741nam a2200217 a 4500 | ||
|---|---|---|---|
| 001 | 000024335 | ||
| 005 | 20200930022924.0 | ||
| 008 | 110126s2010 dr 000 0 spa d | ||
| 020 | _a9789945163513 | ||
| 040 |
_aDO-SdBNP _bspa _cBNPHU |
||
| 082 |
_axxx _bC957p, 2010 |
||
| 100 | 1 |
_aCruz Pascual, Francisco _d1956- _924825 |
|
| 245 | 1 | 0 |
_aParticipación comunitaria : _bherramientas estratégica para una buena gestión escolar / _cFrancisco Cruz Pascual. |
| 250 | _a2a ed. | ||
| 260 |
_aSanto Domingo : _bEdiciones Alandar, _c2010. |
||
| 300 |
_a178 p. ; _c24 cm. |
||
| 500 | _aIncluye datos biográficos del autor en las solapas | ||
| 500 | _aIncluye notas al pie de las páginas | ||
| 504 | _aBibliografía : 173-178 | ||
| 049 | _aBNPD | ||
| 999 |
_c23828 _d23828 |
||